01067 2200325 4500001002100000005001500021035002000036007000300056008004100059020002200100082002000122084002200142100004000164245006100204300003100265500001100296500003000307500006800337650003700405264004500442336002100487337002300508338003800531040002100569850001200590856007500602852002000677990002200697990002200719INLIS00000000087416020220927123131 a0010-0922001688ta220927s2009 jki g eng d a978-979-22-4434-204223a355.0330598 a355.0330598 CON d0 aConnie Rahakundin BakrieePengarang10aDefending Indonesia /cpenulis, Connie Rahakundin Bakrie a1 berkas komputer (7,3 MB) aIndeks aBibliografi: hlm. 257-269 aUntuk mengakes buku ini silakan unduh aplikasi http://iJogja.id 4aIndonesia -- Pertahanan nasional31aJakarta :bGramedia Pustaka Utama,c2009 2rdacontentateks 2rdamediaakomputer 2rdacarrierasumber sambung jaring aYOPDYOGbiderda aYOPDYOG40nPerpustakaan digital iJogjauhttp://ijogja.id/publications/books/209678 aaplikasi iJogja a003279-EPD/B.2017 a003280-EPD/B.2017